1140 1084 1535 1029 1995 1442 1273 1217 1316 1440 1569 1685 1666 1094 1408 1324 1285 1078 1073 1060 1795 1867 1956 1263 1949 1329 1933 1333 1952 1955 1140 1909 1688 1244 1095 1830 1808 1959 1781 1035 1924 1247 1377 1455 1008 1690 1688 1573 1586 1136 1122 1573 1663 1694 1752 1172 1093 1532 2000 1800 1395 1156 1088 1458 1546 1356 1560 1599 1460 1666 1021 1887 1257 1585 1405 1265 1875 1884 1150 1637 1936 1365 1923 1719 1257 1594 1222 1393 1900 1737 1364 1105 1423 1201 1330 1269 1832 1763 1598 BCNSPRNW ULIB Ver.6.0+V

เปลี่ยนเป็นภาษาไทย

Change to English
 แสดงรายละเอียดบรรณานุกรม
  กลับหน้าหลัก

Brief Record : Get Marc (ISO 2709) : E-mail record : QR code < ปิดหน้าต่าง
LEADER : 00000nam 2200000uu 4500
001    13399111031
003     ULIB
008    110615s2551||||th 000 0 tha d
020    9743483479
060  4 WY18.2^bพ953ท 2551
110 1  เพื่อนช่วยจำ
245 00 ทบทวนการพยาบาลผู้ใหญ่ ANR=^bAdult nursing review/^cเพื่อนช่วยจำ
246 0  Adult nursing review
260    กรุงเทพฯ:^bเพื่อนช่วยจำ,^c2551
300    202 หน้า
650  7 การพยาบาลผู้ใหญ่^xข้อสอบ
710 1  เพื่อนช่วยจำ
945    ^p199^l0^i15557
945    ^p199^l0^i15556
945    ^p199^l0^i15555
945    ^p199^l0^i15806
995    เกษร
999    ^aใช้งานได้ทุกระบบ
รายการนี้ยังไม่มีแท็ก
คุณยังไม่ได้ล็อกอิน คุณสามารถมีกิจกรรมร่วมกับเว็บไซต์ได้ แต่ต้องล็อกอินก่อน ::
  ล็อกอิน

รายการสื่อสารสนเทศ

ลำดับที่ ประเภท เลขเรียก/บาร์โค้ด สถานที่ สถานะ
1. วิทยาศาสตร์การแพทย์ และสุขภาพ
วิทยาศาสตร์การแพทย์ และสุขภาพ
WY18.2 พ953ท 2551 ฉ.2 
  Barcode: 15556
ห้องสมุดวิทยาเขตสวรรค์ประชารักษ์
►หนังสือทั่วไป
บนชั้น
2. วิทยาศาสตร์การแพทย์ และสุขภาพ
วิทยาศาสตร์การแพทย์ และสุขภาพ
สถานะ=หนังสือเก่า
WY18.2 พ953ท 2551 ฉ.3 
  Barcode: 15557
ห้องสมุดวิทยาเขตสวรรค์ประชารักษ์
►หนังสือทั่วไป
ถูกยืม กำหนดส่งวันที่ 4 กรกฎาคม 2568
  จอง

BibComment


ยังไม่เคยถูกคอมเมนท์

คอมเมนท์ทรัพยากรรายการนี้
  คอมเมนท์: ทบทวนการพยาบาลผู้..


 Copyright 2026. Bcnsprnw @Library